00270nam a2200109Ia 4500008004100000041000800041100001800049245003500067260003000102300000800132700002000140250110s9999 xx 000 0 und d aeng aTaha Mohammad aBioinspired Structural System. bBNCA M Arch Digitalc2017 a92p aGuide Name:BNCA